Evropská unie a Afrika: vztahy na principu partnerství a vzájemného přínosu
História vzťahov Európskej únie s krajinami z oblasti Afriky, Karibiku a Tichomoria (AKT). Spolupráca v oblasti rozvojovej pomoci, obchodu a v politických otázkach. Dohoda o partnerstve - dohoda z Cotonu podpísaná v roku 2000. Európsky rozvojový fond ako hlavný finančný nástroj EÚ voči rozvojovým kr...
Uložené v:
| Hlavný autor: | |
|---|---|
| Médium: | Kapitola |
| Jazyk: | Czech |
| Predmet: | |
| Tagy: |
Žiadne tagy, Buďte prvý, kto otaguje tento záznam!
|
MARC
| LEADER | 00000naa$a2200000$$$4500 | ||
|---|---|---|---|
| 001 | 0057767 | ||
| 005 | 20231016092905.0 | ||
| 041 | 0 | |a cze | |
| 044 | |a CZ | ||
| 245 | 1 | 0 | |a Evropská unie a Afrika: vztahy na principu partnerství a vzájemného přínosu |c Pavel Kafka |
| 520 | |a História vzťahov Európskej únie s krajinami z oblasti Afriky, Karibiku a Tichomoria (AKT). Spolupráca v oblasti rozvojovej pomoci, obchodu a v politických otázkach. Dohoda o partnerstve - dohoda z Cotonu podpísaná v roku 2000. Európsky rozvojový fond ako hlavný finančný nástroj EÚ voči rozvojovým krajinám. Dohody o hospodárskom partnerstve. Obchod s krajinami Afriky, Karibiku a Tichomoria. Vzťahy Českej republiky s krajinami AKT. | ||
| 610 | 2 | 0 | |a politika medzinárodná |
| 610 | 2 | 0 | |a vzťahy medzinárodné |
| 610 | 2 | 0 | |a spolupráca medzinárodná |
| 610 | 2 | 0 | |a pomoc rozvojová |
| 610 | 2 | 0 | |a fondy finančné |
| 610 | 2 | 0 | |a partnerstvo strategické |
| 610 | 2 | 0 | |a Európska únia |
| 610 | 2 | 0 | |a Afrika |
| 610 | 2 | 0 | |a Karibská oblasť |
| 610 | 2 | 0 | |a Tichomorie |
| 100 | 1 | |a Kafka, Pavel | |